Muestrario de caracteres y útiles de imprenta de la Fundición Tipográfica Richard Gans, Madrid (Registro nro. 163493)
[ vista simple ]
| 000 -LEADER | |
|---|---|
| campo de control de longitud fija | 00961nam a22002415i 4500 |
| 001 - NÚMERO DE CONTROL | |
| campo de control | 163493 |
| 003 - IDENTIFICADOR DE NÚMERO DE CONTROL | |
| campo de control | ES-MaACL |
| 005 - FECHA Y HORA DE LA ÚLTIMA TRANSACCIÓN | |
| campo de control | 20250726063043.0 |
| 008 - DATOS DE LONGITUD FIJA--INFORMACIÓN GENERAL | |
| campo de control de longitud fija | 040922q1900 sp |||| | spa d |
| 040 ## - FUENTE DE CATALOGACIÓN | |
| Centro catalogador/agencia de origen | CAM |
| Lengua de catalogación | spa |
| Centro/agencia transcriptor | CAM |
| 080 ## - NÚMERO DE LA CLASIFICACIÓN DECIMAL UNIVERSAL | |
| Número de la Clasificación Decimal Universal | 655.24/.28 |
| 110 2# - ENTRADA PRINCIPAL--NOMBRE DE ENTIDAD CORPORATIVA | |
| Nombre de entidad corporativa o nombre de jurisdicción como elemento de entrada | Fundición Tipográfica de Richard Gans (Madrid) |
| Término indicativo de función/relación | entidad responsable |
| 9 (RLIN) | 134818 |
| 245 10 - MENCIÓN DEL TÍTULO | |
| Título | Muestrario de caracteres y útiles de imprenta de la Fundición Tipográfica Richard Gans, Madrid |
| 260 ## - PUBLICACIÓN, DISTRIBUCIÓN, ETC. | |
| Lugar de publicación, distribución, etc. | Madrid : |
| Nombre del editor, distribuidor, etc. | [s.n., |
| Fecha de publicación, distribución, etc. | ca. 1900] |
| Fabricante | (Fundición Tipográfica de Richard Gans) |
| 300 ## - DESCRIPCIÓN FÍSICA | |
| Extensión | 1 volumen : |
| Otras características físicas | ilustraciones ; |
| Dimensiones | 25 cm |
| 500 ## - NOTA GENERAL | |
| Nota general | Datos tomados de la cub. cromolit. |
| 650 #7 - PUNTO DE ACCESO ADICIONAL DE MATERIA--TÉRMINO DE MATERIA | |
| Término de materia o nombre geográfico como elemento de entrada | Tipos de imprenta |
| Fuente del encabezamiento o término | embne |
| 9 (RLIN) | 147448 |
| 650 #7 - PUNTO DE ACCESO ADICIONAL DE MATERIA--TÉRMINO DE MATERIA | |
| Término de materia o nombre geográfico como elemento de entrada | Imprenta |
| Fuente del encabezamiento o término | embne |
| 9 (RLIN) | 13605 |
| 852 ## - LOCALIZACIÓN | |
| Ubicación | ES-MaACL |
| Ubicación en estantería | Depósito 2 |
| Marcas de propiedad | Ex-libris ms. de Rufino Iglesias |
| Número de control de estantería | F-1320 |
| Encuadernación | Enc. editorial en tela: "F.A. Barthel, grabador, Leipzig" |
| 942 ## - ELEMENTOS DE ENTRADA SECUNDARIOS (KOHA) | |
| Fuente del sistema de clasificación o colocación | Clasificación decimal universal |
| Tipo de ítem Koha | Libro impreso antiguo |
| Suprimir en OPAC | No |
| Estatus retirado | Estado de pérdida | Fuente del sistema de clasificación o colocación | Estado de daño | No para préstamo | Colección | Biblioteca de origen | Biblioteca actual | Ubicación en estantería | Fecha de adquisición | Total de préstamos | Signatura topográfica completa | Código de barras | Visto por última vez | Tipo de ítem Koha |
|---|---|---|---|---|---|---|---|---|---|---|---|---|---|---|
| Clasificación decimal universal | Libros del s. XIX | Biblioteca del Ateneo de Madrid | Biblioteca del Ateneo de Madrid | Depósito 2 | 17/01/2008 | F-1320 | 1171324 | 23/02/2023 | Libro impreso antiguo |
